| 000 | 01020cam a22003015a 4500 | ||
|---|---|---|---|
| 999 |
_c21877 _d21849 |
||
| 001 | 015978170 | ||
| 003 | EG-ScBUE | ||
| 005 | 20201222124649.0 | ||
| 008 | 111018s2012 enk f 000 1 eng d | ||
| 020 | _a9780141199306 (pbk.) | ||
| 020 | _a014119930X (pbk.) | ||
| 040 |
_aStDuBDS _beng _erda _cStDuBDS _dUk _dEG-ScBUE |
||
| 082 | 0 | 4 |
_a813.4 _bMEL _222 |
| 100 | 1 |
_aMelville, Herman, _d1819-1891, _eauthor. _940150 |
|
| 245 | 1 | 4 |
_aThe confidence-man and Billy Budd, sailor / _cHerman Melville. |
| 264 | 1 |
_aLondon : _bPenguin Books, _c2012. |
|
| 300 |
_avii, 436 pages ; _c20 cm. |
||
| 336 |
_2rdacontent _atext _btxt |
||
| 337 |
_2rdamedia _aunmediated _bn |
||
| 338 |
_2rdacarrier _avolume _bnc |
||
| 490 | 0 | _aPenguin English library | |
| 650 | 7 |
_aSwindlers and swindling _vFiction. _2BUEsh _940167 |
|
| 650 | 7 |
_aSeafaring life _xHistory _y18th century _vFiction. _2BUEsh _940169 |
|
| 651 | 7 |
_aMississippi River _vFiction. _2BUEsh _940168 |
|
| 653 |
_cJune2016 _bHHUUEENN |
||
| 655 |
_vReading book _934232 |
||
| 942 |
_2ddc _cBB |
||